LIBRARY & INFORMATION CENTRE, KCAET, TAVANUR

ONLINE PUBLIC ACCESS CATALOGUE (OPAC)

Philosophy on introduction / (Record no. 2324)

MARC details
000 -LEADER
fixed length control field 00524cam a2200193ua 4500
041 ## - LANGUAGE CODE
Language code of text/sound track or separate title eng
082 ## - DEWEY DECIMAL CLASSIFICATION NUMBER
Classification number 101
Item number RAN/PH
100 ## - MAIN ENTRY--AUTHOR NAME
Personal name Randall, John herman .
245 ## - TITLE STATEMENT
Title Philosophy on introduction /
250 ## - EDITION STATEMENT
Edition statement 1 /
260 ## - PUBLICATION, DISTRIBUTION, ETC. (IMPRINT)
Place of publication Newyork :
Name of publisher Barnes and noble ,
Year of publication 1961.
300 ## - PHYSICAL DESCRIPTION
Number of Pages 302 ; .
490 0# - SERIES STATEMENT
Series statement College outline series,
Volume number/sequential designation
700 1# - ADDED ENTRY--PERSONAL NAME
Personal name Buchler , Justus .
942 ## - ADDED ENTRY ELEMENTS (KOHA)
Koha item type Books
Holdings
Withdrawn status Lost status Damaged status Home library Current library Date acquired Full call number Accession Number Koha item type
Withdrawn     KAUAET Sanskrit University 07/04/2012 101 3136 Books
free website counter